MARC details
| 000 -LEADER |
| campo de control de longitud fija |
02788nam a2200433 i 4500 |
| 001 - NÚMERO DE CONTROL |
| campo de control |
193207 |
| 003 - IDENTIFICADOR DE NÚMERO DE CONTROL |
| campo de control |
SpMaBN |
| 005 - FECHA Y HORA DE LA ÚLTIMA TRANSACCIÓN |
| campo de control |
20251222203951.0 |
| 007 - CAMPO FIJO DE DESCRIPCIÓN FÍSICA--INFORMACIÓN GENERAL |
| campo de control de longitud fija |
ta |
| 008 - DATOS DE LONGITUD FIJA--INFORMACIÓN GENERAL |
| campo de control de longitud fija |
231004s2022 sp a | |||| 000 0dspa |
| 017 ## - NÚMERO DE COPYRIGHT O DE DEPÓSITO LEGAL |
| Número de copyright o de depósito legal |
B 2337-2013 |
| Agencia que asigna |
Oficina Depósito Legal Barcelona |
| 020 ## - NÚMERO INTERNACIONAL ESTÁNDAR DEL LIBRO |
| Número Internacional Estándar del Libro |
9788432215483 |
| ISBN cancelado o inválido |
973-84-322-1548-3 |
| 035 ## - NÚMERO DE CONTROL DEL SISTEMA |
| Número de control de sistema |
(OCoLC)834483205 |
| 035 ## - NÚMERO DE CONTROL DEL SISTEMA |
| Número de control de sistema |
a5337661 |
| 040 ## - FUENTE DE CATALOGACIÓN |
| Centro catalogador/agencia de origen |
SpMaBN |
| Lengua de catalogación |
spa |
| Centro/agencia transcriptor |
SpMaBN |
| Normas de descripción |
rdc |
| Centro/agencia modificador |
Es-MaACL |
| 080 ## - NÚMERO DE LA CLASIFICACIÓN DECIMAL UNIVERSAL |
| Número de la Clasificación Decimal Universal |
929 Curie, Marie |
| 080 ## - NÚMERO DE LA CLASIFICACIÓN DECIMAL UNIVERSAL |
| Número de la Clasificación Decimal Universal |
821.134.2-94"19" |
| 100 1# - ENTRADA PRINCIPAL--NOMBRE DE PERSONA |
| Nombre de persona |
Montero, Rosa, |
| Fechas asociadas al nombre |
1951- |
| Número de control del registro de autoridad o número normalizado |
XX968899 |
| Término indicativo de función/relación |
Autor |
| 9 (RLIN) |
82503 |
| 245 13 - MENCIÓN DEL TÍTULO |
| Título |
La ridícula idea de no volver a verte / |
| Mención de responsabilidad, etc. |
Rosa Montero |
| 250 ## - MENCION DE EDICION |
| Mención de edición |
Primera edición ; vigesimoctava impresión: diciembre de 2022 |
| 260 ## - PUBLICACIÓN, DISTRIBUCIÓN, ETC. |
| Lugar de publicación, distribución, etc. |
[Barcelona] : |
| Nombre del editor, distribuidor, etc. |
Seix Barral, |
| Fecha de publicación, distribución, etc. |
2022 |
| 300 ## - DESCRIPCIÓN FÍSICA |
| Extensión |
237 páginas : |
| Otras características físicas |
ilustraciones ; |
| Dimensiones |
23 cm |
| 336 ## - TIPO DE CONTENIDO |
| Término de tipo de contenido |
Texto (visual) |
| Fuente |
isbdcontent |
| 337 ## - TIPO DE MEDIO |
| Nombre/término del tipo de medio |
sin mediación |
| Fuente |
isbdmedia |
| 338 ## - TIPO DE SOPORTE |
| Fuente |
rdacarrier |
| Nombre/término del tipo de soporte |
volumen |
| 490 1# - MENCIÓN DE SERIE |
| Mención de serie |
Biblioteca breve |
| 500 ## - NOTA GENERAL |
| Nota general |
Índice |
| 505 0# - NOTA DE CONTENIDO CON FORMATO |
| Nota de contenido con formato |
Diario de Marie Curie, p. 215-233 |
| 520 ## - RESUMEN, ETC. |
| Sumario, etc. |
Cuando Rosa Montero leyó el maravilloso diario que Marie Curie comenzó tras la muerte de su esposo, y que se incluye al final de este libro, sintió que la historia de esa mujer fascinante que se enfrentó a su época le llenaba la cabeza de ideas y emociones. La ridícula idea de no volver a verte nació de ese incendio de palabras, de ese vertiginoso torbellino.<br/><br/>Al hilo de la extraordinaria trayectoria de Curie, Rosa Montero construye una narración a medio camino entre el recuerdo personal y la memoria de todos, entre el análisis de nuestra época y la evocación íntima. Son páginas que hablan de la superación del dolor, de las relaciones entre hombres y mujeres, del esplendor del sexo, de la buena muerte y de la bella vida, de la ciencia y de la ignorancia, de la fuerza salvadora de la literatura y de la sabiduría de quienes aprenden a disfrutar de la existencia con plenitud y con ligereza.<br/><br/>Vivo, libérrimo y original, este libro inclasificable incluye fotos, remembranzas, amistades y anécdotas que transmiten el primitivo placer de escuchar buenas historias. Un texto auténtico, emocionante y cómplice que te atrapará desde sus primeras páginas. |
| 600 14 - PUNTO DE ACCESO ADICIONAL DE MATERIA--NOMBRE DE PERSONA |
| Nombre de persona |
Curie, Marie, |
| Fechas asociadas al nombre |
1867-1934 |
| 9 (RLIN) |
242639 |
| 830 ## - PUNTO DE ACCESO ADICIONAL DE SERIE-TÍTULO UNIFORME |
| Título uniforme |
Biblioteca breve (Seix Barral) |
| 9 (RLIN) |
227188 |
| 852 ## - LOCALIZACIÓN |
| Ubicación |
ES-MaACL |
| itemnumber |
200588 |
| Sublocalización o colección |
R.154574 |
| Ubicación en estantería |
Depósito J |
| Número de control de estantería |
N-9396 |
| Anotaciones manuscritas |
Dedicatoria autógrafa de la autora |
| Donativo/Legado |
Donación: Rosa Montero |
| Encuadernación |
Encuadernación rústica con solapas |
| 903 ## - NOMBRE PERSONAL DE DONANTE |
| a |
Montero, Rosa, |
| d |
1951- |
| e |
Donante |
| 9 |
82503 |
| 942 ## - ELEMENTOS DE ENTRADA SECUNDARIOS (KOHA) |
| Suprimir en OPAC |
No |
| Tipo de ítem Koha |
Libro impreso |